000 00441nam a2200169Ia 4500
008 170705s9999 xx 000 0 und d
020 _a9780439748698
245 _aIf you lived when women won their rights /
245 _cAnne Kamma ; illustrated by Pamela Johnson.
260 _aNew York :
260 _bScholastic,
260 _c2006
300 _a64 pages :
300 _bcolor illustration ;
300 _c19cm.
500 _a750
999 _c336265
_d336265